Boys 2 Planet - Statistics

General Stats
  • This quiz has been taken 28 times
  • The average score is 41 of 160
Answer Stats
Hint Answer % Correct
DKB Han Harry Jun
100%
Alpha Drive One (Actor)(WEi) Kim Junseo
100%
Alpha Drive One (Trainee A) Lee Leo
100%
Alpha Drive One (Trainee A) Lee Sangwon
100%
INTHE X Project Sen
100%
Alpha Drive One (Boy Story) He Xinlong
95%
MODYSSEY Xue Suren
95%
Alpha Drive One Chung Sanghyeon
91%
Trainee Kim Donghyeon (a)
91%
Alpha Drive One Kim Geonwoo
91%
Alpha Drive One Zhou Anxin
91%
WHIB Kim Junmin
86%
MODYSSEY (Boy Story) Li Zihao
86%
Dancer/Choreographer Yumeki
82%
WHIB Jun Leejeong
77%
TUNEXX Park Donggyu
77%
MODYSSEY Yichen
77%
VeriVery Yoo Kangmin
77%
Alpha Drive One Zhang Jiahao (ARNO)
77%
Trainee Kang Woojin
73%
ChoCo1&2 Kim Taejo
73%
MODYSSEY Sun Hengyu
73%
Soloist Chuei Liyu
68%
Trainee Kim Donghyeon (b)
68%
INTHE X Project Masato
68%
ChoCo1&2 Yeom Yechan
68%
MODYSSEY Zhao Guangxu (LynnLynn)
68%
MODYSSEY Fan Zheyi
64%
TUNEXX Kim Inhu
64%
TUNEXX Kim Sihwan
64%
Trainee Na Yunseo
64%
Trainee Chen Bowen
59%
Left the show He Jiahao
59%
Trainee Hong Zihao
59%
Trainee Jang Haneum
59%
MODYSSEY Ngan Chauyuet (Rowan)
59%
Trainee Chen Kaiwen
55%
VeriVery Jo Gyehyeon
55%
Soloist Yoon Min
55%
INTHE X Project Peng Jinyu
50%
INTHE X Project Sun Jiayang
50%
Trainee Hsu Chingyu
45%
VeriVery Lee Dongheon
45%
MCND Song Minjae
45%
Trainee Hu Hanwen
41%
Trainee Jiang Fan
41%
TUNEXX Artic
36%
Blitzers Chris
36%
WHIB Muhn Wonjun
36%
Trainee Nian Boheng
36%
Ready To nCH Sho
36%
DRIPPIN Kim Dongyun
32%
idntt (yesw8are) Park Nuri
32%
Youtuber/Trainee Seowon
32%
Trainee Tatsuki
32%
DKB Yang Heuichan
32%
Trainee Andrew
27%
Trainee Dong Honghai
27%
Boy Story Jia Hanyu
27%
Trainee Guo Zhen
23%
Trainee Jung Hyunjun
23%
Trainee Kim Daniel
23%
MCND Bang Junhyuk
18%
DRIPPIN Lee Hyeop
18%
DAILY:DIRECTION Lee Wonwoo
18%
Trainee Lim Jack
18%
MCND Noh Huijun
18%
Trainee Rensho
18%
Trainee Xie Binghua
18%
Trainee Aoshi
14%
Trainee Chrisen Yang
14%
Ready To nCH Ham Hyunseo
14%
Trainee Krystian
14%
Soloist Ryan
14%
Trainee Taiga
14%
Trainee Jang Taeyoon
9%
Trainee Oh Junho
9%
Trainee Reeonn
9%
Actor Xuan Hao
9%
Trainee Baek Jaehyeon
5%
Trainee Hong Zihan
5%
Trainee Hwang Sunwoo
5%
idntt Kim Minjun
5%
Trainee Kim Wonbin
5%
Trainee Ko Mingchieh
5%
Trainee Lee Seungbaek
5%
Trainee Li Xiaodi
5%
left the show Luo Junwei
5%
Trainee Park Jimin
5%
Trainee Park Juni Il
5%
Trainee Park Junseong
5%
EASTSHINE Phoenix
5%
Trainee Pun
5%
Trainee Qi Lin
5%
Trainee Sang Lin
5%
Trainee Shin Jaeha
5%
Trainee Shoya
5%
Trainee/actor Taichi
5%
The Wind Thanatorn
5%
Trainee Yang Dawit
5%
Trainee Yusen
5%
Trainee Bang Suhwan
0%
Trainee Bian Shiyu
0%
Trainee Cai Jinxin
0%
Trainee Chen Chaoyu
0%
Trainee Chen Jinxin
0%
Trainee Chen Lichi
0%
Left the show Chen Yuqi
0%
Trainee Chen Zishou
0%
Trainee Choi Junseok
0%
GENUS Cho Myenongsu
0%
Trainee Dong Jingkun
0%
Trainee Dong Ziqi
0%
Left the show Han Jiangyu
0%
Trainee Han Ruize
0%
Trainee He Junjin
0%
Trainee Heo Jio
0%
Soloist He Zxonxing
0%
Trainee Huang Hsingyu
0%
Trainee Justin
0%
Trainee Kenshiro
0%
Trainee Kim Hyeonseo
0%
Trainee Kim Hyunbin
0%
Trainee Kim Jaeuhyun
0%
Trainee Kim Youngjun
0%
Trainee? Kwon Gyunhyung
0%
Trainee Lee Yoonchan
0%
Trainee Lin Chingen
0%
left the show Lin Qiunan
0%
Trainee Lin Xinrui
0%
Trainee Li Zhengen
0%
Trainee/Model Long Guohao
0%
Trainee Ma Tao
0%
Trainee Moon Suhnbin
0%
Trainee Qiao Guanzen
0%
Trainee Sun Hanlin
0%
Trainee Teng Chiachun
0%
Trainee Tomoya
0%
Trainee Wang Canruo
0%
Trainee Wang Dongyi
0%
Trainee Wang Shenglin
0%
Trainee Wang Zhonghi
0%
Trainee Weng Weidong
0%
Trainee Wong Sikhei
0%
Trainee Xie Jaehui
0%
Trainee Xie Yuxin
0%
Trainee Yang Jiapeng
0%
Trainee Yeung Yukim
0%
AmbiO Yoo Kiwon
0%
Left the show Yuan Peiyi
0%
Trainee Yuan Wei
0%
Trainee Zeng Shangxuan
0%
Trainee Zhang Shiyi
0%
Trainee Zhang Shyunyu
0%
Trainee Zhang Yihua
0%
Trainee Zhang Yuxi
0%
Trainee Zheng Kun
0%
Trainee Zheng Renyu
0%
Trainee Zhou Yanhe
0%
Trainee Zhou Zeng
0%
No matching quizzes found
Score Distribution
Percent of People with Each Score
Percentile by Number Answered
Your Score History
You have not taken this quiz